000 00838nam a2200253 a 4500
003 DO-SdBNP
005 20220512115501.0
007 ta
008 220512e2006 dr ||||er|||| 001 0dspa d
020 _a9780738709932
040 _aDO-SdBNP
_bspa
_cBNPHU
082 4 _222
_bV156a
245 1 0 _aAstrología:
_buna guía simple para el éxito personal y el autoconocimiento /
_cBrenda Vanlentín; Editor, Eva Palma-Zuñiga, Edgar Rojas
260 _aEstados Unidos de América :
_bLlewellyn Español,
_c2006
300 _a174 p. ;
_c23 cm.
500 _aIncluye glosario de términos, p. 169-172
504 _abibliografía: p. 173- 174
590 _aInventariado 2022 / MF
650 4 _925640
_aAstrología
700 1 _aPalma-Zuñiga, Eva,
_eed.
_981602
700 _931314
_aRojas, Edgar
_eed.
910 _aMFeliz
942 _2ddc
_cLBS1
999 _c51710
_d51710